| 000 | 00902nam a22002417a 4500 | ||
|---|---|---|---|
| 999 |
_c3096 _d3096 |
||
| 005 | 20231006153904.0 | ||
| 008 | 231006b ||||| |||| 00| 0 eng d | ||
| 020 | _a9781250079893 | ||
| 040 | _cKH8 | ||
| 082 | _aFIC HAY | ||
| 100 |
_aHayes, Christine _d1972- _eAuthor |
||
| 245 |
_aMothman's curse _cChristine Hayes |
||
| 250 | _aFirst Square Fish edition | ||
| 260 |
_aNew York, _bSquare Fish / Roaring Brook Press, _c2016 |
||
| 300 |
_a 310 pages : _billustrations ; _c 20 cm |
||
| 520 | _aWhen Josie and her brother Fox discover the truth behind the legend of the Mothman, they must stop a disaster in order to break the curse that has been afflicting their town | ||
| 521 | _aAges 8-12. | ||
| 650 | _aBlessing and cursing | ||
| 650 |
_aBlessing and cursing _vFiction |
||
| 650 |
_aBlessing and cursing _vJuvenile fiction |
||
| 700 |
_aHindle, James K. _eIllustrator |
||
| 942 |
_2ddc _cFIC |
||